000
00327nam a2200133Ia 4500
008
220204s9999 xx 000 0 und d
082
_a
332.021.8(540)
_b
SHA
100
_a
DESAI, V V
245
0
_a
Rural economy of India
260
_a
New Delhi
_b
Vikas
_c
1980
650
_a
Rural economy
700
_a
SHARMA, D P
942
_c
BK
999
_c
35863
_d
35863